00488 a2200169 450000100060000002000150000604000240002110000330004524000350007824500300011330000070014336200090015065000310015994200070019095201040019799900170030169423 a8598457191 cAnchieta - Itaigara aÁvila, Alejandro Sandoval 10aA travessia dos elefanteslpor10aA travessia dos elefantes a750 a2004 4aLiteratura infanto-juvenil cBK 00104070a88.1b88.1d2023-11-21l0o028.5 SAN TRAp1740/ITAr2023-11-21 20:03:59w2023-11-21yBK c69423d69423